000 00292nam a22001337a 4500
008 170130b xxu||||| |||| 00| 0 eng d
020 _a9780801472923
041 _aeng
080 _a618.2
100 _a2
101 _aINF
245 _aNURSING AGAINST THE ODDS
_cGORDON, S
942 _2udc
_cBK
999 _c3984
_d3984